Makers of indian literature Ramakrishna Paramahansa / (Record no. 64108)

MARC details
000 -LEADER
fixed length control field 00578nam a22001577a 4500
005 - DATE AND TIME OF LATEST TRANSACTION
control field 20120317161221.0
020 ## - INTERNATIONAL STANDARD BOOK NUMBER
International Standard Book Number 8126000953
Terms of availability 15.00
035 ## - SYSTEM CONTROL NUMBER
System control number A-826175
037 ## - SOURCE OF ACQUISITION
Stock number DPL
Source of stock number/acquisition ENG
100 ## - MAIN ENTRY--PERSONAL NAME
Personal name Lokeswarananda, Swami
245 ## - TITLE STATEMENT
Title Makers of indian literature Ramakrishna Paramahansa /
Statement of responsibility, etc by Swami Lokeswarananda
260 ## - PUBLICATION, DISTRIBUTION, ETC. (IMPRINT)
Place of publication, distribution, etc New Delhi
Name of publisher, distributor, etc Sahitya Akademi
Date of publication, distribution, etc 1996
300 ## - PHYSICAL DESCRIPTION
Extent vii, 96p.
Dimensions 18 cms.
942 ## - ADDED ENTRY ELEMENTS (KOHA)
Source of classification or shelving scheme Dewey Decimal Classification
Item type English Books
Classification part 181.45
Call number suffix LOK
Holdings
Withdrawn status Lost status Not for loan Collection code Home library Current library Date acquired Cost, normal purchase price Full call number Barcode Cost, replacement price Koha item type
      Non-fiction Sarojini Nagar Sarojini Nagar 17/03/2012 15.00 181.45 LOK A-826175 15.00 English Books

© Delhi Public Library
Hit Counter
free hit counter